Best Selling Handheld Consoles - Statistics

General Stats
  • This quiz has been taken 24 times
  • The average score is 7 of 10
Answer Stats
# of Units Sold Handheld % Correct
154.02M Nintendo DS
95%
118.69M Game Boy
89%
75.94M Nintendo 3DS
89%
141.32M Nintendo Switch
89%
80M PlayStation Portable
89%
11M PlayStation Vita
84%
81.51M Game Boy Advance
74%
10.62M Sega Game Gear
47%
3M Nokia N-Gage
32%
2M SNK Neo Geo Pocket
16%
No matching quizzes found
Score Distribution
Percent of People with Each Score
Percentile by Number Answered
Your Score History
You have not taken this quiz